| 000 | nam a22 7a 4500 | ||
|---|---|---|---|
| 999 |
_c30313 _d30313 |
||
| 008 | 190516b xxu||||| |||| 00| 0 eng d | ||
| 020 | _a996679215 | ||
| 020 | _a9789966792150 | ||
| 050 | _aRA 410 .E34K57 2013 | ||
| 100 | _aed.Kirigia Joses Muthuri. | ||
| 245 |
_aEfficiency of health sysytem units in africa : _ba data envelope analsis / _cJoses Muthuri Kirigia. |
||
| 260 |
_aNairobi-00100 Kenya : _bUniversity of Nairobi press, _c2013. |
||
| 300 |
_axxvi, 520p. : _bill. ; _c25cm. |
||
| 500 | _ainclude index. | ||
| 650 | _aMedical care. | ||
| 650 | _aMedical economics. | ||
| 942 |
_2lcc _cBOOKS |
||